000 00825nas a2200301 4500
001 BR9602213
003 BR-BrBNA
005 20231205095733.0
007 ta
008 230509b bl.|||p| |||| 00| 00por d
040 _aBR-BrBNA
_bpor
_cBiblioteca Nacional de Agricultura
041 _a(En)
072 _aL02
100 1 _aVitti, D.M.S.S.
100 1 _aAbdalla, A.L.
100 1 _aLopes, H.O.S.
100 1 _aPereira, E.A.
100 1 _aMeirelles, C.F.
245 1 _aNon-conventional P sources for Zebu cows in Brazil
650 _aGado Zebu
650 _aFosforo
650 _aFosfato
650 _aFluor
650 _aMineracao
773 0 _tScientia Agricola (Brazil)
_xISSN 0103-9016
_g(Jan-Apr 1995), v. 52(1) p. 78-81
_wBR9602213
909 _a202311
_bLúcia
_c55
_dLúcia Elande
942 _2AGRIS
_n0
_cANA
999 _c152433
_d152433